002820000a22001210004500020001800000041000800018082001900026100001900045245004000064260003800104300001200142001000600154 a0-8028-0166-80 aENG04aG 891.6 C9784c1 aCurtis, Adrian10aUgarit : Ras Shamra / Adrian Curtis aGrand Rapids, MI., USA : Eerdmans a125 Pag11203